VMS Library
Email : library.aptu@gmail.com / Tel. 0-2986-9605-6 ext.2003 / Line Official : @vmslibrary
เปลี่ยนเป็นภาษาไทย

Change to English
 แสดงรายละเอียดบรรณานุกรม
  กลับหน้าหลัก

Brief Record : Get Marc (ISO 2709) : E-mail record : QR code ปิดหน้าต่าง
E-Book หนังสือทั่วไป : เกี่ยวกับ Collections
LEADER 00000nam 2200000uu 4500
001    13399137008
003     ULIBM
008    260429s2559||||th 000 0 tha d
020    ^a9786167982137
050  4 ^aPL4209.4.ภ66 ป62 2559
100 0  ^aภิญโญ ไตรสุริยธรรมา
245 10 ^aFuture ปัญญาอนาคต /^bภิญโญ ไตรสุริยธรรมา.
260    ^aกรุงเทพฯ :^bOpenbooks,^c2559
505 0  ^aอดีตศึกษาเรื่องอนาคต -- รู้จักตัว -- จัดการตน -- ยืนบนจุดแข็ง -- แสวงหาจิตวิญญาณ -- ประสานสร้างตนใหม่ -- มั่นในทิศทาง -- สร้างสรรค์อัตลักษณ์ -- นักออกแบบอนาคต -- เล็กและงดงาม -- นิยามอดีต.
650  7 ^aจิตวิทยาประยุกต์.
999    ^aปวีนา มาลยาภรณ์
รายการนี้ยังไม่มีแท็ก
คุณยังไม่ได้ล็อกอิน คุณสามารถมีกิจกรรมร่วมกับเว็บไซต์ได้ แต่ต้องล็อกอินก่อน ::
  ล็อกอิน
ลำดับที่ ประเภท เลขเรียก/บาร์โค้ด สถานที่ สถานะ
1. หนังสือ
หนังสือ
PL4209.4.ภ66 ป62 2559  
  Barcode: 3 26 025559
หนังสือทั่วไป On Shelf
  ขอยืม
   [แสดง 1/1 รายการ]

รายการใกล้เคียง
    ผู้แต่ง [ภิญโญ ไตรสุริยธรรมา]

    หัวเรื่อง [จิตวิทยาประยุกต์.]

BibComment


ยังไม่เคยถูกคอมเมนท์

คอมเมนท์ทรัพยากรรายการนี้
  คอมเมนท์: Future ปัญญาอนาค..
Bib 13399137008
 
 
 

 Union Library Management : ULibM
Copyright 2026. All Rights Reserved.